| 000 | 00579nam a22002177a 4500 | ||
|---|---|---|---|
| 999 |
_c248 _d248 |
||
| 003 | OSt | ||
| 005 | 20210203170150.0 | ||
| 008 | 140717b xxu||||| |||| 00| 0 eng d | ||
| 020 | _a1416025340 | ||
| 020 | _a0808900072 | ||
| 040 | _c040a | ||
| 082 | _aQZ 4 K961r 2003 | ||
| 100 |
_aKumar, Vinay; Ramzi, S. Cotran; Stanley, L. Robbins. _9677 |
||
| 245 | _aRobbins Basic Pathology | ||
| 250 | _a7th.ed. | ||
| 260 |
_aPennsylvania; _bSaunders, _c2003 |
||
| 300 |
_axii, 873 p ; _bcol.ill : _c28cm . |
||
| 504 | _aincludes index | ||
| 650 |
_aPathology _937 |
||
| 942 |
_2z _cB_BANK |
||